<?xml version="1.0" encoding="UTF-8"?>
<collection xmlns="http://www.loc.gov/MARC21/slim">
 <record>
  <leader>00887pamaa2200217   4500</leader>
  <controlfield tag="001">0000053756</controlfield>
  <controlfield tag="005">20151229090000.0</controlfield>
  <controlfield tag="008">151207s2015</controlfield>
  <datafield tag="020" ind1=" " ind2=" ">
   <subfield code="a">9789677014609 (pbk.) </subfield>
  </datafield>
  <datafield tag="020" ind1=" " ind2=" ">
   <subfield code="a">9677014609 (pbk.) </subfield>
  </datafield>
  <datafield tag="090" ind1="0" ind2="0">
   <subfield code="a">KPG1390.A311994 </subfield>
   <subfield code="b">AKT 2015</subfield>
  </datafield>
  <datafield tag="110" ind1="1" ind2=" ">
   <subfield code="a">Malaysia</subfield>
  </datafield>
  <datafield tag="240" ind1="0" ind2="0">
   <subfield code="a">Akta Keselamatan dan Kesihatan Pekerjaan 1993</subfield>
  </datafield>
  <datafield tag="245" ind1="1" ind2="0">
   <subfield code="a">Akta Keselamatan dan Kesihatan Pekerjaan dan peraturan-peraturan = </subfield>
   <subfield code="l">Occupational Safety and Health Act and Regulations : </subfield>
   <subfield code="b">all amendment up to January 2015  </subfield>
   <subfield code="c">compiled by MDC Publishers Sdn Bhd.</subfield>
  </datafield>
  <datafield tag="260" ind1=" " ind2=" ">
   <subfield code="a">Kuala Lumpur: </subfield>
   <subfield code="b">MDC Publisher, </subfield>
   <subfield code="c">2015.</subfield>
  </datafield>
  <datafield tag="300" ind1=" " ind2=" ">
   <subfield code="a">377p: </subfield>
   <subfield code="b">ill.; </subfield>
   <subfield code="c">24 cm.</subfield>
  </datafield>
  <datafield tag="490" ind1=" " ind2=" ">
   <subfield code="a">Laws of Malaysia</subfield>
  </datafield>
  <datafield tag="650" ind1="0" ind2="0">
   <subfield code="a">Industrial safety -- </subfield>
   <subfield code="x">Law and legislation -- </subfield>
   <subfield code="z">Malaysia </subfield>
  </datafield>
  <datafield tag="650" ind1="0" ind2="0">
   <subfield code="a">Industrial hygiene -- </subfield>
   <subfield code="x">Law and legislation -- </subfield>
   <subfield code="z">Malaysia </subfield>
  </datafield>
  <datafield tag="710" ind1="1" ind2="1">
   <subfield code="a">International Law Book Services </subfield>
  </datafield>
  <datafield tag="901" ind1=" " ind2=" ">
   <subfield code="u">http://www.mdcpublishers.com</subfield>
  </datafield>
 </record>
</collection>
